00735nam a2200181 a 450000100060000000300090000600800410001502000150005604000280007108200130009911000330011224500510014526000480019630000080024450502160025265000370046865000480050520971CO-ViMGA141112s2004 ck r 000 u spa d a9588232716 aCO-ViMGAbspacCO-ViMGA a306 P654 aAlcaldía Mayor de Bogotá10aPolíticas culturales distritales 2004 - 2016 aBogotá : bAlcaldía de Bogotá, c2004 a76p aLa cultura en Bogotá 21 - - Políticas culturales para Bogotá 27 - - Entorno conceptual 33 - - Proceso de formulación y concertación 51 - - Esquema general de las políticas culturales distritales 57 14aCULTURA - COLOMBIA - 2004 - 201614aPOLIITICA CULTURAL - COLOMBIA - 2004 - 2016